Top 20 Premier League Teams since 1992 by Points Quiz Stats

Quiz not verified by Sporcle

Challenge
Share
Tweet
Embed
Score 0/20 Timer 10:00
0 Plays Today
Points Team % Correct
1822Arsenal
90%
1789Chelsea
89%
1667Liverpool
86.5%
1447Tottenham
77.8%
1223Aston Villa
77.5%
1004West Ham
77.4%
1324Everton
68.5%
1183Newcastle United
65.9%
970Blackburn Rovers
49.4%
1171Manchester City
46.7%
Points Team % Correct
586Fulham
43.1%
853Southampton
42.9%
575Bolton Wanderers
41.6%
618Sunderland
32%
661Middlesbrough
31.2%
692Leeds United
22.5%
508Leicester City
8.9%
433West Brom
8%
424Stoke City
7.3%
2021Manchester United
6%

You're not logged in!

Compare scores with friends on all Sporcle quizzes.
Sign Up with Email
OR
Log In

You Might Also Like...

Show Comments

Extras

Top Quizzes Today


Score Distribution

Your Account Isn't Verified!

In order to create a playlist on Sporcle, you need to verify the email address you used during registration. Go to your Sporcle Settings to finish the process.